Nákladový controlling na princípe DRG a jeho využitie v nemocničnom zariadení dizertačná práca

Salvato in:
Dettagli Bibliografici
Autore principale: Jantošová, Lucia
Ente Autore: Fakulta podnikového manažmentu EU. Katedra podnikovohospodárska
Altri autori: Tóth, Miroslav, 1961-
Natura: Libro
Lingua:slovacco
Pubblicazione: Bratislava 2016
Soggetti:
Tags: Aggiungi Tag
Nessun Tag, puoi essere il primo ad aggiungerne!!

MARC

LEADER 00000nbm a2200000 4500
001 0222126
005 20240502073636.2
041 0 |a slo 
044 |a SK 
245 1 0 |a Nákladový controlling na princípe DRG a jeho využitie v nemocničnom zariadení  |b dizertačná práca  |c Lucia Jantošová ; školiteľ: Miroslav Tóth 
264 1 |a Bratislava  |c 2016 
300 |a 170 s. 
610 2 0 |a kontroling 
610 2 0 |a kontroling nákladový 
610 2 0 |a náklady 
610 2 0 |a nemocnice 
610 2 0 |a zdravotníctvo 
100 1 |a Jantošová, Lucia 
700 1 |a Tóth, Miroslav, 1961- 
710 2 |a Fakulta podnikového manažmentu EU. Katedra podnikovohospodárska